Top Aircraft Exporting Countries by Growth and Profit - Statistics

General Stats
  • This quiz has been taken 53 times
  • The average score is 12 of 35
Answer Stats
Hint Answer % Correct
$131.1 United States
100%
$54.1 France
96%
$19.0 United Kingdom
96%
$43.4 Germany
92%
$12.3 Canada
90%
$5.2 Italy
90%
$5.2 Japan
88%
$4.7 Spain
86%
3,329% Egypt
43%
$4.7 Ireland
41%
650.8% Ireland
41%
5,630% Algeria
37%
910.3% Niger
35%
$6.4 Singapore
35%
1,015% Ethiopia
22%
491.6% Finland
22%
861% Kenya
18%
12,311% Philippines
16%
4,803% Ecuador
14%
42,797% Guyana
14%
433.5% Suriname
14%
542.9% Angola
12%
4,491% Bolivia
12%
3,739% Uruguay
12%
12,069% Cambodia
10%
1,630% Benin
6%
582.9% Nicaragua
6%
895.7% Sri Lanka
6%
687.2% Trinidad and Tobago
6%
966.5% Cyprus
4%
3,535% El Salvador
4%
1,106% Honduras
4%
2,005% Equatorial Guinea
2%
19,900% Swaziland
2%
503% Turkmenistan
0%
No matching quizzes found
Score Distribution
Percent of People with Each Score
Percentile by Number Answered
Your Score History
You have not taken this quiz